| 000 | 00000nam##2200000za#4500 |
| 001 | 9.643984 |
| 003 | CaOODSP |
| 005 | 20210624224429 |
| 007 | cr ||||||||||| |
| 008 | 150407|2014||||xxc|||||o f|0| 0 fre|d |
| 020 | |a978-0-660-22939-3 |
| 040 | |aCaOODSP|bfre |
| 043 | |an-cn--- |
| 086 | 1 |aA29-2/6-2014F-PDF |
| 110 | 1 |aCanada. |bAgriculture et agroalimentaire Canada. |bBureau de la vérification et de l'évaluation. |
| 245 | 10|aRapport - évaluation de l'Initiative canadienne intégrée de salubrité des aliments |h[ressource électronique] |
| 260 | |aOttawa - Ontario : |bAgriculture et Agroalimentaire Canada. |cc2014. |
| 300 | |a56p.|btableaux |
| 590 | |a15-13|b2015-03-27 |
| 691 | 07|aSécurité alimentaire|2gcpds |
| 775 | 08|tReport - evaluation of the Canadian Integrated Food Safety Initiative |w(CaOODSP)9.700069 |
| 856 | 40|ahttp://publications.gc.ca|qPDF|s1.12 Mo|uhttps://publications.gc.ca/collections/collection_2015/aac-aafc/A29-2-6-2014-fra.pdf |
| 986 | |aNo d’AAC 12298F |